00937nam a2200253 a 450000100100000000500170001000800410002702000150006804000250008308200170010810000250012524501160015026000520026630000210031849000280033949000180036753400580038570000330044383000350047683000250051104900090053695201210054599900170066600002395520200930022611.0110117s1982 ag r 000 0 spa d a9501800172 aDO-SdBNPbspacBNPHU axxxxxbS874a1 aStokes, Bruce94927810aAutoayuda :bsoluciones comunitarias para problemas planetarios /cBruce Stokes ; traducción Leandro Wolfson. aBuenos Aires, Argentina :bTres Tiempos,c1982. a165 p. ;c20 cm.1 aLibros del hoy candente1 aEnsayos ;v21 aHelping ourselves. Local solutions to global problems1 aWolfson, Leandro,etr.98683 0aLibros del hoy candente948885 0aEnsayos ;n21949279 aBNGR 001054708MOaGRbGRcCTd2011-01-17iLF1l0oxxxxx S874ap23955-10r2020-06-25w2020-06-25y4ZPréstamo en sala c23451d23451